Т. 2, вып. 1; Инженерный журнал
| Parent link: | Инженерный журнал/ Отделение технических наук и института механики АН СССР. Т. 2, вып. 1.— , 1962-1965 |
|---|---|
| Lingua: | russo |
| Pubblicazione: |
1962
|
| Natura: | MixedMaterials Libro |
| KOHA link: | https://koha.lib.tpu.ru/cgi-bin/koha/opac-detail.pl?biblionumber=387118 |
MARC
| LEADER | 00000nam2a2200000 4500 | ||
|---|---|---|---|
| 001 | 387118 | ||
| 005 | 20250403082035.0 | ||
| 035 | |a (RuTPU)RU\TPU\prd\16600 | ||
| 090 | |a 387118 | ||
| 100 | |a 20030828a19611965k y0rusy50 ca | ||
| 101 | 0 | |a rus | |
| 102 | |a RU | ||
| 200 | 0 | |a Т. 2, вып. 1 | |
| 210 | |d 1962 | ||
| 461 | 1 | |0 (RuTPU)RU\TPU\prd\801 |t Инженерный журнал |f Отделение технических наук и института механики АН СССР |v Т. 2, вып. 1 |d 1962-1965 |9 380126 | |
| 801 | 0 | |a RU |b 63413507 |c 20010227 |g PSBO | |
| 801 | 1 | |a RU |b 63413507 |c 20030828 |g PSBO | |
| 801 | 2 | |a RU |b 63413507 |c 20110408 |g RCR | |
| 942 | |c CR | ||